<?xml version="1.0" encoding="UTF-8"?>
<record
    xmlns:xsi="http://www.w3.org/2001/XMLSchema-instance"
    xsi:schemaLocation="http://www.loc.gov/MARC21/slim http://www.loc.gov/standards/marcxml/schema/MARC21slim.xsd"
    xmlns="http://www.loc.gov/MARC21/slim">

  <leader>02560nam a2200229   4500</leader>
  <controlfield tag="003">CO-ViMGA</controlfield>
  <controlfield tag="008">	151110e2015    ck     gr     000 0 spa d</controlfield>
  <datafield tag="020" ind1=" " ind2=" ">
    <subfield code="a">9789585871526</subfield>
  </datafield>
  <datafield tag="040" ind1=" " ind2=" ">
    <subfield code="a">CO-ViMGA</subfield>
    <subfield code="b">spa</subfield>
    <subfield code="c">CO-ViMGA</subfield>
  </datafield>
  <datafield tag="082" ind1="0" ind2="4">
    <subfield code="a">303.6</subfield>
    <subfield code="b">R311r</subfield>
  </datafield>
  <datafield tag="245" ind1="1" ind2="0">
    <subfield code="a">Reconciliaci&#xF3;n</subfield>
    <subfield code="b">el gran desaf&#xED;o de Colombia /</subfield>
    <subfield code="c">Jhon Paul Lederach ... [et al.]</subfield>
  </datafield>
  <datafield tag="260" ind1=" " ind2=" ">
    <subfield code="a">Bogot&#xE1;:</subfield>
    <subfield code="b">Libros,</subfield>
    <subfield code="b">Reconciliaci&#xF3;n Colombia,</subfield>
    <subfield code="c">2015</subfield>
  </datafield>
  <datafield tag="300" ind1=" " ind2=" ">
    <subfield code="a">366 p.</subfield>
  </datafield>
  <datafield tag="520" ind1=" " ind2=" ">
    <subfield code="a">En este momento todos est&#xE1;n hablando de reconciliaci&#xF3;n, y por eso es fundamental entender que sus alcances se encuentran m&#xE1;s all&#xE1; de un acuerdo con cualquier grupo armado al margen de la ley. Pero &#xBF;Qu&#xE9; es la reconciliaci&#xF3;n?&#xBF;Depende del fin del conflicto o es algo que est&#xE1; sucediendo desde hace rato?&#xBF;Se trata del perd&#xF3;n entre las v&#xED;ctimas y victimarios o es algo m&#xE1;s amplio y complejo?&#xBF;Es el momento de los reencuentros particulares o un proceso largo y tortuoso mediante el cual una sociedad fracturada como la colombiana aprende a convivir sin armas y sin violencias? Este libro, que resume un a&#xF1;o y medio de trabajo del Proyecto Reconciliaci&#xF3;n Colombia, aborda esta y muchas preguntas. Y lo hace con la mayor cantidad de voces posibles -ochenta y cuatro, para ser exactos, aunque sin duda hacen faltan muchas m&#xE1;s-. Porque, para empezar, la reconciliaci&#xF3;n s&#xF3;lo puede hacerse desde el reconocimiento de la diversidad y del valor del otro. Por eso, hablan aqu&#xED; funcionarios de gobierno, desde miembros del equipo negociador en La Habana hasta gobernadores y alcaldes; intelectuales, v&#xED;ctimas de cr&#xED;menes imperdonables y sacerdotes; representantes de organizaciones de la sociedad civil de todas las corrientes y pol&#xED;ticos de todas las tendencias; las etnias, los empresarios y gente de muy distintas regiones del pa&#xED;s. Y tambi&#xE9;n se consignan muchas experiencias locales. Esta compilaci&#xF3;n aspira a ser el "estado del arte" de la reconciliaci&#xF3;n en Colombia, con sus expresiones territoriales del m&#xE1;s variado tipo -m&#xE1;s de quinientas ochenta est&#xE1;n en la base de datos del proyecto Reconciliaci&#xF3;n Colombia-; con sus debates conceptuales y con toda clase de propuestas sobre c&#xF3;mo una sociedad como la colombiana puede llegar a vivir reconciliada y en paz. Tomado de: contracubierta del libro</subfield>
  </datafield>
  <datafield tag="650" ind1="1" ind2="4">
    <subfield code="a">Construcci&#xF3;n de la paz</subfield>
    <subfield code="z">Colombia</subfield>
    <subfield code="9">7198</subfield>
  </datafield>
  <datafield tag="650" ind1="1" ind2="4">
    <subfield code="a">Justicia transicional</subfield>
    <subfield code="z">Colombia</subfield>
    <subfield code="9">8605</subfield>
  </datafield>
  <datafield tag="650" ind1="1" ind2="4">
    <subfield code="a">Paz</subfield>
    <subfield code="z">Colombia</subfield>
    <subfield code="9">7204</subfield>
  </datafield>
  <datafield tag="650" ind1="1" ind2="4">
    <subfield code="a">Reconciliaci&#xF3;n</subfield>
    <subfield code="z">Colombia</subfield>
    <subfield code="9">7205</subfield>
  </datafield>
  <datafield tag="650" ind1="1" ind2="4">
    <subfield code="a">Reintegraci&#xF3;n</subfield>
    <subfield code="z">Colombia</subfield>
    <subfield code="9">12645</subfield>
  </datafield>
  <datafield tag="700" ind1="1" ind2=" ">
    <subfield code="a">Lederach, Jhon Paul</subfield>
    <subfield code="9">12646</subfield>
  </datafield>
  <datafield tag="942" ind1=" " ind2=" ">
    <subfield code="2">ddc</subfield>
    <subfield code="c">BK</subfield>
  </datafield>
  <datafield tag="999" ind1=" " ind2=" ">
    <subfield code="c">37034</subfield>
    <subfield code="d">37034</subfield>
  </datafield>
  <datafield tag="952" ind1=" " ind2=" ">
    <subfield code="0">0</subfield>
    <subfield code="1">0</subfield>
    <subfield code="2">ddc</subfield>
    <subfield code="4">0</subfield>
    <subfield code="7">0</subfield>
    <subfield code="8">003</subfield>
    <subfield code="a">MEVIECAR</subfield>
    <subfield code="b">MEVIECAR</subfield>
    <subfield code="d">2019-09-01</subfield>
    <subfield code="g">5000.00</subfield>
    <subfield code="l">0</subfield>
    <subfield code="o">303.6 R311r</subfield>
    <subfield code="p">331351</subfield>
    <subfield code="r">2018-05-18 00:00:00</subfield>
    <subfield code="w">2018-05-18</subfield>
    <subfield code="y">BK</subfield>
  </datafield>
  <datafield tag="952" ind1=" " ind2=" ">
    <subfield code="0">0</subfield>
    <subfield code="1">0</subfield>
    <subfield code="2">ddc</subfield>
    <subfield code="4">0</subfield>
    <subfield code="7">0</subfield>
    <subfield code="8">GEN</subfield>
    <subfield code="a">MEDORADO</subfield>
    <subfield code="b">MEDORADO</subfield>
    <subfield code="c">GEN</subfield>
    <subfield code="d">2024-02-27</subfield>
    <subfield code="l">0</subfield>
    <subfield code="o">303.6 R311r</subfield>
    <subfield code="p">DOR00984</subfield>
    <subfield code="r">2024-02-27 20:26:51</subfield>
    <subfield code="t">Ej.1</subfield>
    <subfield code="w">2024-02-27</subfield>
    <subfield code="y">BK</subfield>
  </datafield>
  <datafield tag="952" ind1=" " ind2=" ">
    <subfield code="0">0</subfield>
    <subfield code="1">0</subfield>
    <subfield code="2">ddc</subfield>
    <subfield code="4">0</subfield>
    <subfield code="7">0</subfield>
    <subfield code="8">GEN</subfield>
    <subfield code="a">MEGUAMAL</subfield>
    <subfield code="b">MEGUAMAL</subfield>
    <subfield code="c">GEN</subfield>
    <subfield code="d">2024-10-02</subfield>
    <subfield code="l">0</subfield>
    <subfield code="o">303.6 R311r</subfield>
    <subfield code="p">GUA004153</subfield>
    <subfield code="r">2024-10-02 11:01:25</subfield>
    <subfield code="t">Ej.1</subfield>
    <subfield code="w">2024-10-02</subfield>
    <subfield code="y">BK</subfield>
  </datafield>
  <datafield tag="952" ind1=" " ind2=" ">
    <subfield code="0">0</subfield>
    <subfield code="1">0</subfield>
    <subfield code="4">0</subfield>
    <subfield code="7">0</subfield>
    <subfield code="8">001</subfield>
    <subfield code="a">MEVIGERR</subfield>
    <subfield code="b">MEVIGERR</subfield>
    <subfield code="c">GEN</subfield>
    <subfield code="d">2017-04-26</subfield>
    <subfield code="o">303.660986 R32</subfield>
    <subfield code="p">ECA25342</subfield>
    <subfield code="r">2024-11-25 15:05:55</subfield>
    <subfield code="t">Ej.2</subfield>
    <subfield code="w">2024-11-25</subfield>
    <subfield code="y">BK</subfield>
    <subfield code="z">18765 | 23949</subfield>
  </datafield>
  <datafield tag="952" ind1=" " ind2=" ">
    <subfield code="0">0</subfield>
    <subfield code="1">0</subfield>
    <subfield code="4">0</subfield>
    <subfield code="7">0</subfield>
    <subfield code="8">001</subfield>
    <subfield code="a">MEVIGERR</subfield>
    <subfield code="b">MEVIGERR</subfield>
    <subfield code="c">GEN</subfield>
    <subfield code="d">2017-02-16</subfield>
    <subfield code="o">303.660986 R32</subfield>
    <subfield code="p">ECA24755</subfield>
    <subfield code="r">2024-11-25 15:05:55</subfield>
    <subfield code="t">Ej.1</subfield>
    <subfield code="w">2024-11-25</subfield>
    <subfield code="y">BK</subfield>
    <subfield code="z">18765 | 23948</subfield>
  </datafield>
  <datafield tag="952" ind1=" " ind2=" ">
    <subfield code="0">0</subfield>
    <subfield code="1">0</subfield>
    <subfield code="2">ddc</subfield>
    <subfield code="4">0</subfield>
    <subfield code="7">0</subfield>
    <subfield code="8">GEN</subfield>
    <subfield code="a">MEACACIA</subfield>
    <subfield code="b">MEACACIA</subfield>
    <subfield code="c">GEN</subfield>
    <subfield code="d">2025-03-14</subfield>
    <subfield code="l">0</subfield>
    <subfield code="o">303.6861 R21</subfield>
    <subfield code="p">ACA02292</subfield>
    <subfield code="r">2025-03-14 15:13:38</subfield>
    <subfield code="t">Ej.1</subfield>
    <subfield code="w">2025-03-14</subfield>
    <subfield code="y">BK</subfield>
  </datafield>
  <datafield tag="952" ind1=" " ind2=" ">
    <subfield code="0">0</subfield>
    <subfield code="1">0</subfield>
    <subfield code="2">ddc</subfield>
    <subfield code="4">0</subfield>
    <subfield code="7">0</subfield>
    <subfield code="8">GEN</subfield>
    <subfield code="a">MESGUARO</subfield>
    <subfield code="b">MESGUARO</subfield>
    <subfield code="c">GEN</subfield>
    <subfield code="d">2025-07-21</subfield>
    <subfield code="l">0</subfield>
    <subfield code="o">303.6 R311r</subfield>
    <subfield code="p">SG03851</subfield>
    <subfield code="r">2025-07-21 18:00:36</subfield>
    <subfield code="t">Ej.1</subfield>
    <subfield code="w">2025-07-21</subfield>
    <subfield code="y">BK</subfield>
  </datafield>
</record>
